| 000 | 00802nam a22002651 4500 | ||
|---|---|---|---|
| 001 | 36513 | ||
| 003 | BD-RjUL | ||
| 005 | 20211209052510.0 | ||
| 008 | 140624r19611959xx 001 0 eng | ||
| 035 | _a(BD-RjUL)36613 | ||
| 040 |
_aDLC _cPU _dODaWU _dUk _dDLC _beng |
||
| 041 | _aeng | ||
| 082 |
_a320 _bVEA 1961 |
||
| 100 | 1 |
_aVerney, Douglas V. _9108189 |
|
| 245 | 1 | 4 |
_aThe analysis of political systems / _cDouglas V. Verney |
| 260 |
_aLondon : _bRoutledge & Kegan Paul Ltd., _cc1959 [impression 1961] |
||
| 300 |
_a239 [13] p. ; _c23 cm. |
||
| 490 | 0 | _aInternational library of sociology and social reconstruction | |
| 504 | _aIncludes index. | ||
| 650 | 0 |
_aPolitical science. _9111167 |
|
| 650 | 0 |
_aDemocracy. _9111168 |
|
| 942 |
_2ddc _cBK |
||
| 999 |
_c36513 _d36513 |
||